00625nam a2200157Ia 4500008004100000082001800041100002400059245003700083250000800120260003900128650002200167942001600189952012300205952012400328999001500452150201s2014 xx 000 0 und d a617.6bP2011C aPREM KUMAR ,SRIDHAR aTEXT BOOK OF CRANIOFACIAL GROWTH a1ST bJAYPEE BROTHERS MEDICAL PUBLISHERS aGENERAL DENTISTRY 2ddccBK010 00102ddc4070aFDbFDd2014-08-07h1iSGTUl4o617.6 P2011CpFD7065r2026-06-01 11:01:27s2026-05-26w2015-02-09yBK 00102ddc4070aFDbFDd2014-08-07h1iSGTUl11o617.6 P2011CpFD7066r2025-03-31 00:00:00s2025-03-17w2015-02-09yBK c4869d4869